Can You Name All The Assassins Brawlers in Brawl Stars? - Statistics

General Stats
  • This quiz has been taken 2 times
  • The average score is 10 of 18
Answer Stats
Hint Answer % Correct
Ultra Legendary Kaze
100%
Mythic Mortis
100%
Mythic Alli
50%
Mythic Buzz
50%
Legendary Cordelius
50%
Legendary Crow
50%
Epic Edgar
50%
Mythic Fang
50%
Mythic Gigi
50%
Legendary Kenji
50%
Legendary Leon
50%
Mythic Lily
50%
Mythic Melodie
50%
Mythic Mico
50%
Epic Sam
50%
Epic Shade
50%
Epic Stu
50%
Mythic Starr Nova
0%
No matching quizzes found
Score Distribution
Percent of People with Each Score
Percentile by Number Answered
Your Score History
You have not taken this quiz